[Event "ISR-chT"]
[Site "Israel"]
[Date "2020.02.07"]
[Round "5.3"]
[White "Roiz, Michael"]
[Black "Polyakov, Alex"]
[Result "1-0"]
[WhiteElo "2598"]
[BlackElo "2235"]
[PlyCount "57"]
[EventDate "2020.01.10"]
[EventType "team-tourn"]
[EventRounds "11"]
[EventCountry "ISR"]
[SourceTitle "CBM 194 Extra"]
[Source "ChessBase"]
[SourceDate "2020.03.31"]
[SourceVersion "1"]
[SourceVersionDate "2020.03.31"]
[SourceQuality "1"]
[WhiteTeam "Beer Sheva Eliyahu Levant"]
[BlackTeam "Ashdod A"]
[WhiteTeamCountry "ISR"]
[BlackTeamCountry "ISR"]

1. d4 d5 2. c4 e6 3. Nf3 Nf6 4. Nc3 Be7 5. Bf4 0-0 6. e3 a6 7. Qc2 Nc6 8. a3 h6 9. Rd1 Nh5 10. Be5 g6 11. Bg3 Bf6 12. Be5 Bg7 13. Bxg7 Nxg7 14. Be2 Na5 15. b3 Qe7 16. Qb2 dxc4 17. b4 Nc6 18. Bxc4 Nb8 19. 0-0 Nd7 20. Ba2 Rd8 21. e4 Nb6 22. Ne5 Bd7 23. d5 Be8 24. dxe6 Nxe6 25. Nd5 Nxd5 26. exd5 Ng7 27. Nxg6 Qg5 28. Ne5 Nf5 29. Rfe1 1-0

[Event "ISR-chT"]
[Site "Israel"]
[Date "2020.01.10"]
[Round "1.2"]
[White "Polyakov, Alex"]
[Black "Caspi, Israel"]
[Result "0-1"]
[WhiteElo "2235"]
[BlackElo "2474"]
[PlyCount "108"]
[EventDate "2020.01.10"]
[EventType "team-tourn"]
[EventRounds "11"]
[EventCountry "ISR"]
[SourceTitle "CBM 194 Extra"]
[Source "ChessBase"]
[SourceDate "2020.03.31"]
[SourceVersion "1"]
[SourceVersionDate "2020.03.31"]
[SourceQuality "1"]
[WhiteTeam "Ashdod A"]
[BlackTeam "Herzliya"]
[WhiteTeamCountry "ISR"]
[BlackTeamCountry "ISR"]

1. b3 e5 2. Bb2 Nc6 3. e3 d5 4. Bb5 Bd6 5. Nf3 Qe7 6. d4 e4 7. Ne5 Qg5 8. g3 Bxe5 9. dxe5 Nge7 10. h4 Qf5 11. Bxc6+ bxc6 12. Qd4 Qf3 13. Rg1 Bg4 14. Nc3 0-0 15. Qd1 Qf5 16. Ne2 Ng6 17. Qd2 Nxe5 18. 0-0-0 f6 19. Nd4 Qd7 20. Ba3 Bxd1 21. Bxf8 Rxf8 22. Rxd1 c5 23. Ne2 c6 24. Qa5 c4 25. Nf4 Rb8 26. Qc5 Rb5 27. Qd4 Qe7 28. Ne2 Qa3+ 29. Qb2 Qa5 30. h5 h6 31. Nc3 Rb8 32. Ne2 Ng4 33. Kb1 Nxf2 34. Rf1 Ng4 35. Nd4 Ne5 36. Nf5 c3 37. Qc1 Rb7 38. Ka1 Nf3 39. Nd6 Rd7 40. Nf5 c5 41. g4 Kh7 42. a4 Qb4 43. Ka2 Nd2 44. g5 hxg5 45. Qd1 d4 46. exd4 cxd4 47. Ng3 d3 48. Qg4 Rd5 49. Qe6 Re5 50. Qf7 Nxf1 51. Qg6+ Kg8 52. h6 Qe7 53. Nh5 dxc2 54. Nxg7 Qa3+ 0-1

[Event "WchT Seniors 50"]
[Site "Hersonissos"]
[Date "2017.05.01"]
[Round "8.4"]
[White "Polyakov, Alex"]
[Black "Chapman, Terry PD"]
[Result "0-1"]
[WhiteElo "2223"]
[BlackElo "2247"]
[PlyCount "86"]
[EventDate "2017.04.24"]
[EventType "team-swiss"]
[EventRounds "9"]
[EventCountry "GRE"]
[SourceTitle "CBM 178 Extra"]
[Source "ChessBase"]
[SourceDate "2017.06.22"]
[SourceVersion "1"]
[SourceVersionDate "2017.06.22"]
[SourceQuality "1"]
[WhiteTeam "Ashdod"]
[BlackTeam "England"]
[WhiteTeamCountry "ISR"]
[BlackTeamCountry "ENG"]

1. Nf3 Nf6 2. d4 c5 3. c3 cxd4 4. cxd4 d5 5. Nc3 Nc6 6. Bf4 Ne4 7. Qb3 Nxc3 8. bxc3 e6 9. e3 Bd6 10. Bg3 h6 11. Bd3 Qc7 12. Ke2 Bxg3 13. hxg3 Bd7 14. Rhc1 0-0 15. Rab1 Rab8 16. Nd2 Na5 17. Qb4 b5 18. f4 Nc4 19. Bxc4 dxc4 20. Kf2 Bc6 21. Rb2 Rfc8 22. a3 Bxg2 23. Ra2 Ba8 24. Qb1 a5 25. Rb2 Qc6 26. Rg1 Rb6 27. g4 g6 28. f5 exf5 29. gxf5 Kh7 30. e4 Qf6 31. Nf3 Re8 32. Rxb5 Rxb5 33. Qxb5 Rxe4 34. Qxa5 Re8 35. Qb5 Bc6 36. Qc5 Bxf3 37. Kxf3 Qh4 38. fxg6+ fxg6 39. Qc7+ Re7 40. Qf4 Qh3+ 41. Qg3 Qf5+ 42. Qf4 Qd3+ 43. Kg2 Re2+ 0-1

[Event "WchT Seniors 50"]
[Site "Hersonissos"]
[Date "2017.04.28"]
[Round "5.4"]
[White "Polyakov, Alex"]
[Black "Solozhenkin, Evgeniy"]
[Result "0-1"]
[WhiteElo "2223"]
[BlackElo "2443"]
[PlyCount "54"]
[EventDate "2017.04.24"]
[EventType "team-swiss"]
[EventRounds "9"]
[EventCountry "GRE"]
[SourceTitle "CBM 178 Extra"]
[Source "ChessBase"]
[SourceDate "2017.06.22"]
[SourceVersion "1"]
[SourceVersionDate "2017.06.22"]
[SourceQuality "1"]
[WhiteTeam "Ashdod"]
[BlackTeam "St Petersburg"]
[WhiteTeamCountry "ISR"]
[BlackTeamCountry "RUS"]

1. Nf3 Nf6 2. d4 e6 3. g3 d5 4. c4 Be7 5. Bg2 0-0 6. 0-0 dxc4 7. Ne5 Nc6 8. Nxc6 bxc6 9. Bxc6 Rb8 10. Nc3 Bb7 11. Bxb7 Rxb7 12. e3 c5 13. Qf3 Qa8 14. Qe2 cxd4 15. exd4 Rc8 16. Be3 Bb4 17. Rfc1 Bxc3 18. Rxc3 Nd5 19. Rc2 c3 20. bxc3 Rxc3 21. Rxc3 Nxc3 22. Qg4 Rb2 23. h4 Qd5 24. h5 f5 25. Qh4 f4 26. Qe7 Ne2+ 27. Kh2 Qxh5+ 0-1

[Event "ISR-chT"]
[Site "Israel"]
[Date "2003.05.02"]
[Round "9"]
[White "Kaplivatski, Alexander"]
[Black "Polyakov, Alex"]
[Result "1-0"]
[WhiteElo "2239"]
[BlackElo "2327"]
[PlyCount "136"]
[EventDate "2003.01.??"]
[EventType "team"]
[EventRounds "11"]
[EventCountry "ISR"]
[SourceTitle "EXT 2004"]
[Source "ChessBase"]
[SourceDate "2003.11.25"]
[SourceVersion "1"]
[SourceVersionDate "2003.11.25"]
[SourceQuality "1"]

1. e4 b6 2. d4 Bb7 3. Bd3 Nf6 4. Qe2 e6 5. Nf3 d5 6. e5 Nfd7 7. Ng5 Be7 8. Qg4 h5 9. Qg3 Nf8 10. Nc3 Ba6 11. h4 Qd7 12. 0-0 Bxd3 13. Qxd3 c5 14. Ne2 Nc6 15. c3 Ng6 16. g3 Rc8 17. Bd2 Rc7 18. Rae1 Bxg5 19. Bxg5 Nge7 20. Bxe7 Nxe7 21. Nf4 g6 22. Ng2 Qa4 23. Ne3 cxd4 24. cxd4 Kd7 25. a3 Nc6 26. Rd1 Na5 27. Qe2 Nb3 28. Qf3 Kc8 29. Qf4 Kb7 30. Kg2 Rhc8 31. Rfe1 a5 32. Kh3 Qb5 33. Qf3 a4 34. Kg2 Ka6 35. Qf4 Rb7 36. Qf3 Rc6 37. Qf6 Rbc7 38. Qd8 Kb7 39. Qf8 Na5 40. Rd2 Nc4 41. Nxc4 Rxc4 42. Qg7 Qa5 43. Red1 b5 44. Qf8 Qb6 45. Rd3 Ka7 46. Rf3 Qb7 47. b3 Rc3 48. Rdd3 Rxd3 49. Rxd3 Qc6 50. bxa4 bxa4 51. Rf3 Qb7 52. Qe8 Rd7 53. Rc3 Re7 54. Qxa4+ Qa6 55. Qxa6+ Kxa6 56. Kf3 Rb7 57. Kf4 Rb2 58. Rf3 Kb5 59. Kg5 Kc4 60. Rf4 Rb7 61. Kf6 Ra7 62. Kg7 Kd3 63. a4 f5+ 64. Kxg6 Rxa4 65. Kf6 Rxd4 66. Kxe6 Kc4 67. Rxd4+ Kxd4 68. Kxf5 Kc4 1-0

[Event "ISR-ch"]
[Site "Tel Aviv"]
[Date "2002.12.01"]
[Round "7"]
[White "Rot, Yefim"]
[Black "Polyakov, Alex"]
[Result "0-1"]
[WhiteElo "2125"]
[BlackElo "2311"]
[PlyCount "42"]
[EventDate "2002.11.24"]
[EventType "swiss"]
[EventRounds "9"]
[EventCountry "ISR"]
[SourceTitle "CBM 093"]
[Source "ChessBase"]
[SourceDate "2003.04.01"]
[SourceVersion "1"]
[SourceVersionDate "2003.04.01"]
[SourceQuality "1"]

1. e4 b6 2. Nf3 Bb7 3. Nc3 e6 4. d4 Bb4 5. Bd3 Nf6 6. Qe2 d5 7. e5 Ne4 8. Bd2 Bxc3 9. Bxc3 c5 10. Bxe4 dxe4 11. Nd2 cxd4 12. Bb4 Qd5 13. Bd6 Nd7 14. f4 Rc8 15. Qg4 g6 16. Qh4 f6 17. 0-0 Rxc2 18. Qh6 Kf7 19. Rac1 d3 20. f5 exf5 21. exf6 Nxf6 0-1

[Event "ISR-ch"]
[Site "Tel Aviv"]
[Date "2002.11.30"]
[Round "6"]
[White "Polyakov, Alex"]
[Black "Pasman, Michael"]
[Result "0-1"]
[WhiteElo "2311"]
[BlackElo "2345"]
[PlyCount "166"]
[EventDate "2002.11.24"]
[EventType "swiss"]
[EventRounds "9"]
[EventCountry "ISR"]
[SourceTitle "CBM 093"]
[Source "ChessBase"]
[SourceDate "2003.04.01"]
[SourceVersion "1"]
[SourceVersionDate "2003.04.01"]
[SourceQuality "1"]

1. e4 c6 2. d4 d5 3. exd5 cxd5 4. Bd3 Nf6 5. h3 Nc6 6. c3 g6 7. Nf3 Bf5 8. Bxf5 gxf5 9. Bf4 e6 10. Nbd2 Bd6 11. Bxd6 Qxd6 12. Qe2 Rg8 13. g3 Qc7 14. 0-0-0 0-0-0 15. Kb1 Kb8 16. Ne1 h5 17. Ng2 Rg7 18. h4 Ne7 19. Nf4 Rh8 20. Nf3 Ng6 21. Nxg6 Rxg6 22. Ne5 Rg7 23. Nd3 Rgg8 24. Nf4 Rc8 25. Rd2 Ka8 26. Rc2 a6 27. Rhc1 b5 28. Qf3 Ka7 29. b3 Qb6 30. Qd1 Rc7 31. Nd3 Ne4 32. b4 a5 33. a3 Nd6 34. Ra2 a4 35. Rac2 Qc6 36. Nc5 Rcc8 37. Qf3 Nc4 38. Ka2 Qc7 39. Re1 Rcg8 40. Nd3 Rg4 41. Rb1 Rc8 42. Qd1 Rcg8 43. Qf3 Kb6 44. Qd1 Kb7 45. Qf3 Ka7 46. Qd1 Rh8 47. Qf3 Kb7 48. Qd1 Ka8 49. Qf3 Nd6 50. Ka1 Rxd4 51. cxd4 Qxc2 52. Rc1 Qb3 53. Ne5 Qxf3 54. Nxf3 Nc4 55. Ka2 Kb7 56. Ng5 Rf8 57. Nh3 Kc7 58. Nf4 Rh8 59. Rc2 Kd6 60. Re2 Kd7 61. Nd3 Ke7 62. Nf4 Kf6 63. Nd3 Kg7 64. Nf4 Kh6 65. Rc2 Rc8 66. Nd3 Kg7 67. Nf4 Rh8 68. Nd3 Kf6 69. Nf4 Ke7 70. Re2 Kd6 71. Nd3 f6 72. Re1 e5 73. Re2 Rg8 74. Ne1 Rg4 75. Nf3 Re4 76. dxe5+ fxe5 77. Rxe4 dxe4 78. Ng1 e3 79. f3 f4 80. g4 hxg4 81. h5 gxf3 82. Nxf3 Ke7 83. Kb1 Nd2+ 0-1

[Event "ISR-ch"]
[Site "Tel Aviv"]
[Date "2002.11.24"]
[Round "1"]
[White "Polyakov, Alex"]
[Black "Erenburg, Sergey"]
[Result "1/2-1/2"]
[WhiteElo "2311"]
[BlackElo "2494"]
[PlyCount "90"]
[EventDate "2002.11.24"]
[EventType "swiss"]
[EventRounds "9"]
[EventCountry "ISR"]
[SourceTitle "CBM 093"]
[Source "ChessBase"]
[SourceDate "2003.04.01"]
[SourceVersion "1"]
[SourceVersionDate "2003.04.01"]
[SourceQuality "1"]

1. c4 c6 2. Nf3 d5 3. b3 Bg4 4. Bb2 Nd7 5. e3 Ngf6 6. Be2 e6 7. h3 Bh5 8. 0-0 Bd6 9. cxd5 cxd5 10. Nc3 a6 11. Nd4 Bxe2 12. Qxe2 0-0 13. d3 Qe7 14. e4 dxe4 15. dxe4 Rac8 16. Rac1 Rfd8 17. Nf3 Ne5 18. Nxe5 Bxe5 19. Na4 Bxb2 20. Nxb2 Rxc1 21. Rxc1 Qa3 22. Rd1 Rxd1+ 23. Nxd1 Qc1 24. f3 Nh5 25. Qd3 h6 26. Kh2 e5 27. Qd8+ Kh7 28. Qd7 Qf4+ 29. Kg1 Ng3 30. Qd3 Qc1 31. Kh2 Nh5 32. Qd7 Qf4+ 33. Kg1 Nf6 34. Qd3 Qc1 35. Kh2 h5 36. h4 Ng8 37. Ne3 Qe1 38. Nf5 g6 39. Qd7 gxf5 40. Qxf7+ Kh8 41. Qxh5+ Kg7 42. Qg5+ Kf7 43. Qh5+ Kg7 44. Qg5+ Kf7 45. Qh5+ Kg7 1/2-1/2